Chàng Amã Chisa Akhàt Jucar Raglai

Giới thiệu khúc hát chàng AMã Chisa Akhàt Jucar Raglai

সংরক্ষণ করুন:
গ্রন্থ-পঞ্জীর বিবরন
প্রধান লেখক: Trần, Kiêm Hoàng
বিন্যাস: গ্রন্থ
ভাষা:Undetermined
প্রকাশিত: Hà Nội Văn hóa Thông tin 2014
বিষয়গুলি:
ট্যাগগুলো: ট্যাগ যুক্ত করুন
কোনো ট্যাগ নেই, প্রথমজন হিসাবে ট্যাগ করুন!
Thư viện lưu trữ: Trung tâm Học liệu Trường Đại học Cần Thơ
LEADER 00702nam a2200193Ia 4500
001 CTU_209887
008 210402s9999 xx 000 0 und d
082 |a 398.209597 
082 |b H407/Q.2 
100 |a Trần, Kiêm Hoàng 
245 0 |a Chàng Amã Chisa Akhàt Jucar Raglai 
245 0 |c Trần Kiêm Hoàng, Chamaliaq Riya Tỉenq 
260 |a Hà Nội 
260 |b Văn hóa Thông tin 
260 |c 2014 
520 |a Giới thiệu khúc hát chàng AMã Chisa Akhàt Jucar Raglai 
650 |a Văn học dân gian Việt Nam,Folk literature, Vietnamese 
904 |i Châu Thiên Phúc,Hải 
980 |a Trung tâm Học liệu Trường Đại học Cần Thơ